000 00777nam a2200277 a 4500
001 2042
003 CO-ViMGA
008 141112s2004 ck r 000 u spa d
040 _aCO-ViMGA
_bspa
_cCO-ViMGA
082 0 4 _a467 P151 9o.
245 1 0 _aPalabra abierta 9
260 _aSantafé de Bogotá :
_bOxford University Press,
_c1996
300 _a279 p : il
505 _aPalabra abierta 9
650 1 4 _aADVERBIO
650 1 4 _aCAMBIO SEMANTICOABREVIATURAS - SIGLAS
_950748
650 1 4 _aEL VERBO
650 1 4 _aESPAÑOL - LIBROS DE TEXTO
650 1 4 _aETIMOLOGIAS
_950751
650 1 4 _aFIGURAS LITERARIAS
650 1 4 _aGENEROS LITERARIOS
_950753
650 1 4 _aLA HISTORIETA
_950754
650 1 4 _aLA ORACION
650 1 4 _aLENGUAS INDIGENAS
_950756
942 _2ddc
_cBK
999 _c14188
_d14188